| 000 | 02032cas a2200457 a 4500 | ||
|---|---|---|---|
| 999 |
_c22470 _d22470 |
||
| 001 | 14087766 | ||
| 003 | AUA.1 | ||
| 005 | 20190627124731.0 | ||
| 007 | t| | ||
| 008 | 050825c200u9999mdumr p 0 a0eng c | ||
| 010 | _a 2005212853 | ||
| 022 | 0 |
_a1557-5519 _21 |
|
| 035 | _a(OCoLC)ocm61343047 | ||
| 037 | _bGeneral Conference of the Seventh-Day Adventists, 55 West Oak Ridge Dr., Hagerstown, MD 21740-7390 | ||
| 040 |
_aNSDP _beng _cNSDP _dNSDP _dDLC _dNSDP _dDLC _dOCoLC |
||
| 042 |
_apcc _ansdp |
||
| 050 | 0 | 0 |
_aBX6101 _b.A498 |
| 082 | 1 | 0 |
_a286 _213 |
| 130 | 0 |
_aAdventist world (North American Division ed.) _933588 |
|
| 222 | 0 |
_aAdventist world _b(NAD ed.) |
|
| 245 | 1 | 0 | _aAdventist World: |
| 250 | _aNorth American Division ed. | ||
| 260 |
_aHagerstown, MD : _bGeneral Conference of the Seventh-Day Adventists _cApril 2019 |
||
| 300 |
_a31 p. : _bill. (some col.), col. maps ; _c27 cm. |
||
| 310 | _aMonthly | ||
| 440 |
_933589 _nApril 2019 _vVol. 15, No. 4 |
||
| 500 | _aIssues for <2006-> called: NAD ed. | ||
| 500 | _aContents: Adventists as Influencers; Bible questions answered; Global view; Millennial Voices; Spirit of Prophecy; Looking Back; Faith in Action; Health and wellness May I tell you a story?; Growing faith - Children's Pages; | ||
| 525 | _aIssues for <2006-> include special supplement: Loma Linda report. | ||
| 650 | 0 |
_aSeventh-Day Adventists _vPeriodicals. _ymonthly _933590 |
|
| 700 |
_aBill Knott _eEditor-in-Chief _933591 |
||
| 710 | 2 |
_aGeneral Conference of Seventh-Day Adventists. _933592 |
|
| 740 | 0 | 2 | _aLoma Linda report. |
| 780 | 0 | 0 | _tAdventist review (North American ed.) |
| 906 |
_a7 _bcbc _cserials _d2 _encip _f20 _gn-oclcserc |
||
| 942 |
_2lcc _cPER _hBX 6101 _i.A498 2019 |
||